000 00629nam a22002297a 4500
003 UA-OsUOA
001 22449
007 ta
008 20031220b un ||||| |||| 00| 0 ukr d
090 _a17.023.2
_bК19
942 _cBK
040 _aUA-OsUOA
_brus
_cUA-OsUOA
_dUA-OsUOA
245 _aКант и кантианцы
_bКритический очерки одной философской традиции
_cРед. А.С.Богомолов
300 _a360 с.
955 _a0
041 _arus
080 _a17.023.2
260 _aМосква
_bНаука
_c1978
044 _aRU
650 7 _2UDC
999 _c308669
_d308669